000 00251nam a22001217a 4500
008 170511b xxu||||| |||| 00| 0 eng d
041 _aeng
080 _a34
100 _a15
101 _aSHJ
245 _aSCOTT TURRW
_cMARGOLIS.J
942 _2udc
_cBK
999 _c13089
_d13089